000
00354nam a2200157Ia 4500
008
240830s1914 xx 000 0 und d
041
_a
mal
082
_a
1
100
_a
KALOKHE
245
_a
FIRANGROAG & PUYPRAMEH
250
_a
1
260
_a
SANGALI
_b
N.D.
_c
1914
300
_a
100p
906
_a
FIRANGROAG & PUYPRAMEH
999
_c
1183884
_d
1183884